=LDR 00000nam 2200000 4500 =001 INLIS000000000057032 =005 20201130090828 =035 ##$$a 0010-1120000103 =007 ta =008 201130################g##########0#ind## =020 ##$$a 979-9242-48-7 =082 ##$$a 330 =084 ##$$a 330 CHO a =100 #$$a Choeryanto, Syaifoel =245 1#$$a An Econometric model for indonesia 1965-1990 /$c Syaifoel Choeryanto =260 ##$$a Jakarta :$b Fakultas ekonomi universitas indonesia,$c 2003 =300 ##$$a xiii, 308 hlm ; $c 21 x 15 cm =650 #4$$a Ekonomi =990 ##$$a 30709689 =990 ##$$a 30709690 =990 ##$$a 30709688 =990 ##$$a 30709691